Perspektívy zahraničnoobchodnej spolupráce EÚ s RF diplomová práca

Gespeichert in:
Bibliographische Detailangaben
1. Verfasser: Juhászová, Michaela
Körperschaft: Obchodná fakulta EU. Katedra medzinárodného obchodu
Weitere Verfasser: Kašťáková, Elena, 1974-
Format: Buch
Sprache:Slowakisch
Veröffentlicht: Bratislava 2011
Tags: Tag hinzufügen
Keine Tags, Fügen Sie das erste Tag hinzu!

MARC

LEADER 00000nbm a2200000 4500
001 0131830
005 20161109101735.6
041 0 |a slo 
044 |a SK 
245 1 0 |a Perspektívy zahraničnoobchodnej spolupráce EÚ s RF  |b diplomová práca  |c Michaela Juhászová ; školiteľ: Elena Kašťáková 
264 1 |a Bratislava  |c 2011 
300 |a 92 s. 
100 1 |a Juhászová, Michaela 
700 1 |a Kašťáková, Elena, 1974- 
710 2 |a Obchodná fakulta EU. Katedra medzinárodného obchodu